I ditirambi di Dioniso /

محفوظ في:
التفاصيل البيبلوغرافية
مؤلفون آخرون: Guareschi, Alberto, (1940- ), Benn, Gottfried
التنسيق: كتاب
اللغة:الإيطالية
منشور في: Parma : Guanda, 1967
سلاسل:Piccola fenice ; 37
الوسوم: إضافة وسم
لا توجد وسوم, كن أول من يضع وسما على هذه التسجيلة!

MARC

LEADER 00000nam a22000007i 4500
001 IT\ICCU\UBO\3030649
003 ItRI
005 20260115232435.0
008 060731s1967 it |||||| ||||| |||||c
040 |b ita  |c importazione bologna sebina 
041 7 |a ita  |2 ISO-639-2 
245 0 2 |a I ditirambi di Dioniso /  |c Friedrich Nietzsche ; traduzione di Alberto Guareschi ; introduzione di Gottfried Benn. 
260 |a Parma :  |b Guanda,  |c 1967 
300 |a 81 p. ;  |c 19 cm. 
700 1 |a Guareschi, Alberto,  |d  (1940- )  |0 IT\ICCU\CFIV\047476 
700 1 |a Benn, Gottfried  |0 IT\ICCU\CFIV\056642 
830 0 |a Piccola fenice ;  |v 37  |0 IT\ICCU\CFI\0091260 
942 |2 ddc  |c BK  |n 0 
952 |0 0  |1 0  |4 0  |6 DOC_193_000000000000000_NIE  |7 0  |9 25804  |a BO  |b BO  |d 2026-01-15  |i 10334  |l 0  |o DOC 193 NIE  |p BO10334  |r 2026-01-15 23:24:35  |w 2026-01-15  |x [Sebina 5] [1 v.]  |y BK  |z 1 v. 
999 |c 21882  |d 21882